[Event "Women's Speed Chess Q4"]
[Site "chess.com INT"]
[Date "2021.06.03"]
[Round "6"]
[White "Pham, Le Thao Nguyen"]
[Black "Dong, Khanh Linh"]
[Result "1-0"]
[WhiteTitle "IM"]
[BlackTitle "WCM"]
[WhiteElo "2369"]
[BlackElo "1970"]
[WhiteFideId "12401226"]
[BlackFideId "12403040"]
[EventDate "2021.06.03"]

1. d4 Nf6 2. Nf3 e6 3. Bf4 c5 4. e3 Be7 5. Nbd2 Nh5 6. Bg3 Nxg3 7. hxg3 d5 8. c3
Nd7 9. Bd3 h6 10. Qe2 Nf6 11. e4 dxe4 12. Nxe4 Nxe4 13. Qxe4 a6 14. O-O Qd5 15.
Qxd5 exd5 16. dxc5 Bxc5 17. Rfe1+ Be6 18. Rad1 O-O 19. Bc2 Rfe8 20. Nd4 Bg4 21.
Rxe8+ Rxe8 22. f3 Bd7 23. Kf2 g6 24. g4 Kg7 25. Bb3 Bc6 26. Rd3 Kf6 27. Re3 Re5
28. Rxe5 Kxe5 29. Ke3 g5 30. g3 Bd7 31. f4+ gxf4+ 32. gxf4+ Kd6 33. Bd1 f5 34.
gxf5 Bxf5 35. b4 Ba7 36. Bh5 Ke7 37. Kf3 Be4+ 38. Kg3 Kf6 39. Bg4 Bxd4 40. cxd4
Bf5 41. Bf3 Be6 42. a3 b6 43. Be2 a5 44. Bd3 axb4 45. axb4 Bd7 46. Kh4 Be8 47.
Bh7 1-0

[Event "Women's Speed Chess Q4"]
[Site "chess.com INT"]
[Date "2021.06.03"]
[Round "6"]
[White "Nguyen, Hong Ngoc"]
[Black "Corrales Jimenez, Zenia"]
[Result "0-1"]
[WhiteTitle "WCM"]
[BlackTitle "WIM"]
[WhiteElo "1957"]
[BlackElo "2221"]
[WhiteFideId "12403083"]
[BlackFideId "3506355"]
[EventDate "2021.06.03"]

1. e4 c5 2. Nc3 Nc6 3. g3 g6 4. Bg2 Bg7 5. d3 e6 6. Be3 Nge7 7. Nge2 d6 8. O-O
O-O 9. Qd2 Nd4 10. Nd1 f5 11. Nxd4 cxd4 12. Bh6 e5 13. Bxg7 Kxg7 14. exf5 Nxf5
15. c4 Rb8 16. b4 Be6 17. Nb2 Qd7 18. a4 Ne7 19. Qe2 Bg4 20. f3 Bh3 21. b5 Bxg2
22. Kxg2 Nf5 23. Nd1 h5 24. Qe4 h4 25. g4 h3+ 26. Kxh3 Rh8+ 27. Kg2 Nh4+ 28. Kg3
Rbf8 29. f4 Qf7 30. Nb2 exf4+ 31. Rxf4 Qxf4+ 32. Qxf4 Rxf4 33. Kxf4 Rf8+ 34. Ke4
Nf3 35. Kd5 Nxh2 36. Kxd4 Nxg4 37. Kc3 Rf2 38. Re1 Ne5 39. Nd1 Rf3 40. Re3 Rf1
41. Nb2 g5 42. d4 Nf7 43. Rg3 Kg6 44. Nd3 Kh5 45. c5 Kh4 46. Re3 g4 47. Re7 dxc5
48. dxc5 g3 49. Re4+ Kh3 50. Nf4+ Kh2 51. Re2+ Kh1 52. c6 bxc6 53. bxc6 Rxf4 54.
c7 Nd6 55. Rd2 Rc4+ 56. Kb3 Rxc7 57. Rxd6 g2 58. Rh6+ Kg1 59. Kb4 Kf2 60. Rf6+
Ke3 61. Re6+ Kf3 62. Rf6+ Kg3 63. Rg6+ Kh3 64. Rh6+ Kg3 65. Rg6+ Kf2 66. Rf6+
Kg1 67. Kb5 Rc1 68. Ka6 Kh2 69. Rh6+ Kg3 70. Rg6+ Kf3 0-1

[Event "Women's Speed Chess Q4"]
[Site "chess.com INT"]
[Date "2021.06.03"]
[Round "6"]
[White "Szente Varga, Fruzsina"]
[Black "Zaichenko, Daria"]
[Result "0-1"]
[WhiteTitle "WFM"]
[BlackTitle "WFM"]
[WhiteElo "2100"]
[BlackElo "2104"]
[WhiteFideId "712264"]
[BlackFideId "4197453"]
[EventDate "2021.06.03"]

1. e4 c5 2. Nf3 Nc6 3. Bb5 d6 4. d4 cxd4 5. Qxd4 Bd7 6. Qd3 Rc8 7. c4 Nf6 8. Nc3
Nb4 9. Qe2 Bxb5 10. cxb5 d5 11. exd5 Nfxd5 12. O-O e6 13. Nxd5 Nxd5 14. Rd1 Bc5
15. Bg5 Qd6 16. Rac1 O-O 17. a3 f6 18. Bh4 Nf4 19. Qe4 Nd5 20. Bg3 Qb6 21. a4
Rfe8 22. b4 Bxb4 23. Rxc8 Rxc8 24. h3 Nc3 25. Qxb4 Nxd1 26. Qd2 Nc3 27. Qd7 Rd8
28. Qe7 Ne2+ 29. Kh2 Nxg3 30. fxg3 h6 31. a5 Qd6 32. Qxb7 Rb8 33. Qxa7 Rxb5 34.
Qa8+ Kh7 35. Qe4+ f5 36. Qa4 Qa6 37. Nd4 Rxa5 38. Qd7 Rd5 39. Qxe6 Qxe6 40. Nxe6
Re5 41. Nf4 Re1 42. h4 g5 43. hxg5 hxg5 44. Nh3 Kg6 45. Nf2 Ra1 46. g4 f4 47.
Nd3 Kf6 48. g3 Ra2+ 49. Kh3 f3 0-1

[Event "Women's Speed Chess Q4"]
[Site "chess.com INT"]
[Date "2021.06.03"]
[Round "6"]
[White "Enkhtuul, Altan-Ulzii"]
[Black "Agrest, Inna"]
[Result "0-1"]
[WhiteTitle "WGM"]
[BlackTitle "WIM"]
[WhiteElo "2228"]
[BlackElo "2285"]
[WhiteFideId "4901444"]
[BlackFideId "1708830"]
[EventDate "2021.06.03"]

1. d4 Nf6 2. Nc3 d5 3. Bf4 g6 4. e3 Bg7 5. h4 h5 6. Nf3 O-O 7. Bd3 c5 8. Ne5 Nc6
9. dxc5 Qa5 10. Qd2 Qxc5 11. O-O-O a5 12. Nxg6 fxg6 13. Bxg6 Be6 14. f3 Rac8 15.
g4 Nb4 16. a3 d4 17. exd4 Qc4 18. axb4 axb4 19. Nb1 Nd5 20. Be5 Bxe5 21. dxe5
Nf4 22. Bd3 Qc5 23. Bf5 Bxf5 24. gxf5 Qc4 25. Rhg1+ Kh8 26. c3 Ne2+ 27. Qxe2
Qxe2 28. Rg6 Rxf5 29. Rdg1 Qe3+ 30. Nd2 bxc3 31. bxc3 Rxc3+ 32. Kd1 Rc8 33. Re1
Qd3 34. Reg1 Rf7 35. R6g5 Rd8 36. R1g2 Rh7 37. e6 b5 38. Ke1 Qe3+ 39. Kd1 Qxf3+
40. Ke1 Qe3+ 41. Kf1 Qxe6 42. Kg1 Qb6+ 43. Kh1 Qc6 44. Kh2 Rh6 45. Nf1 b4 46.
Ne3 b3 47. Nf5 Qc7+ 48. Kh3 Rh7 0-1

[Event "Women's Speed Chess Q4"]
[Site "chess.com INT"]
[Date "2021.06.03"]
[Round "6"]
[White "Cyfka, Karina"]
[Black "Chitlange, Sakshi"]
[Result "0-1"]
[WhiteTitle "IM"]
[BlackTitle "WIM"]
[WhiteElo "2415"]
[BlackElo "2167"]
[WhiteFideId "1122681"]
[BlackFideId "35002899"]
[EventDate "2021.06.03"]

1. d4 Nf6 2. c4 e6 3. Nf3 Bb4+ 4. Bd2 Qe7 5. g3 Nc6 6. Nc3 O-O 7. Bg2 d6 8. O-O
Bxc3 9. Bxc3 e5 10. d5 Nb8 11. c5 Ne4 12. cxd6 cxd6 13. Rc1 Nxc3 14. Rxc3 Bg4
15. Qa4 Bxf3 16. exf3 Na6 17. b4 Nc7 18. Rd1 a6 19. Qc2 Nb5 20. Re3 Qd7 21. Rde1
Rac8 22. Qe4 Nd4 23. Rd1 Nc2 24. Re2 Nd4 25. Red2 Rc4 26. f4 f6 27. fxe5 fxe5
28. Qd3 b5 29. a3 Rfc8 30. Be4 g6 31. Bxg6 hxg6 32. Qxg6+ Qg7 33. Qxd6 Nf3+ 34.
Kg2 Nxd2 35. Rxd2 Qf7 36. Qxe5 Rc2 37. Qg5+ Qg7 38. Qe3 Rxd2 39. Qe6+ Kh7 40.
Qh3+ Qh6 41. Qd7+ Qg7 42. Qh3+ Kg6 43. Qxc8 Qf6 44. Qg8+ Kh6 45. Kh3 Rxf2 46.
Qg4 Qf5 47. d6 Rxh2+ 48. Kxh2 Qxg4 49. d7 Qd4 50. d8=Q Qxd8 51. Kg2 Kg5 52. Kf3
Qd3+ 53. Kf2 Qxa3 54. Kg2 Qxb4 55. Kf2 a5 56. Ke2 a4 57. Kd1 a3 58. Ke2 a2 59.
Kf2 a1=Q 60. Kg2 Qab2+ 61. Kh3 Qg4# 0-1

[Event "Women's Speed Chess Q4"]
[Site "chess.com INT"]
[Date "2021.06.03"]
[Round "6"]
[White "Linares Napoles, Oleiny"]
[Black "Padmini, Rout"]
[Result "0-1"]
[WhiteTitle "WGM"]
[BlackTitle "IM"]
[WhiteElo "2255"]
[BlackElo "2370"]
[WhiteFideId "3504794"]
[BlackFideId "5029295"]
[EventDate "2021.06.03"]

1. d4 Nf6 2. Bf4 g6 3. Nc3 d5 4. e3 Bg7 5. Be2 c6 6. Qd2 Nbd7 7. Nf3 Nh5 8. Bg5
h6 9. Bh4 g5 10. Bg3 Nxg3 11. hxg3 e5 12. dxe5 Nxe5 13. O-O-O Bf5 14. Nxe5 Bxe5
15. f4 Bg7 16. g4 Be6 17. f5 Bd7 18. Bf3 Qa5 19. Kb1 O-O-O 20. Ne2 Qxd2 21. Rxd2
Rhe8 22. Rd3 Re5 23. Ng3 Be8 24. Rhd1 Rd7 25. e4 d4 26. Rxd4 Rxd4 27. Rxd4 Rb5
28. c4 Rxb2+ 29. Kxb2 Bxd4+ 30. Kc2 Be5 31. Nf1 Kc7 32. Kd3 Kd6 33. Nd2 Kc5 34.
a3 a5 35. Nb3+ Kb6 36. Bd1 a4 37. Nd2 Ka5 38. Kc2 b5 39. Nf3 Bd6 40. cxb5 cxb5
41. Kb2 f6 42. Be2 Kb6 43. Bd3 Kc5 44. Bb1 Bc6 45. Bd3 Be8 46. Kc3 Bf7 47. Bc2
Kb6 48. Kb2 Ka5 49. Bd3 b4 50. axb4+ Kxb4 51. Bb1 a3+ 52. Ka1 Kc3 53. Ba2 Bxa2
54. Kxa2 Kd3 55. e5 fxe5 56. f6 e4 57. Ne1+ Kd2 58. Nf3+ exf3 59. gxf3 Ke3 60.
f7 Kxf3 0-1

[Event "Women's Speed Chess Q4"]
[Site "chess.com INT"]
[Date "2021.06.03"]
[Round "6"]
[White "Pandey, Srishti"]
[Black "Balabayeva, Xeniya"]
[Result "0-1"]
[WhiteTitle "WFM"]
[BlackTitle "WFM"]
[WhiteElo "2026"]
[BlackElo "2178"]
[WhiteFideId "35093290"]
[BlackFideId "13719688"]
[EventDate "2021.06.03"]

1. d4 Nf6 2. c4 e6 3. Nf3 d5 4. Nc3 b6 5. cxd5 exd5 6. Bg5 Bb7 7. e3 Be7 8. Bd3
O-O 9. O-O Nbd7 10. Rc1 a6 11. Qc2 Rc8 12. Rfd1 h6 13. Bh4 Ne4 14. Nxd5 Bxh4 15.
Nxh4 Nxf2 16. Qxf2 Bxd5 17. Bxa6 Ra8 18. Bd3 Rxa2 19. Bb1 Ra8 20. e4 Be6 21. h3
f6 22. Ng6 Re8 23. Qc2 Bf7 24. Nf4 Rc8 25. d5 Ne5 26. b4 Qd7 27. Qf2 Qe7 28. Nd3
Qxb4 29. Nxe5 Rxe5 30. Bd3 Qe7 31. Bb1 Ra8 32. Qc2 Ra7 33. Qc6 Kh7 34. Qc3 Bg6
35. Re1 Ra4 36. Rcd1 Bxe4 37. Rxe4 Raxe4 38. Re1 f5 39. Bxe4 fxe4 40. Qc4 Qc5+
41. Qxc5 bxc5 42. Kf2 Kg6 43. Ke3 Rxd5 44. Kxe4 Rd4+ 45. Kf3 c4 46. Re6+ Kf7 47.
Rc6 Rd3+ 48. Kf2 Rd2+ 49. Kf3 Rc2 50. Rxc7+ Kg6 51. Rc5 c3 52. g3 Rc1 53. Kg2 c2
54. h4 Kf6 55. g4 Ke6 56. Rc8 Kd7 57. Rc3 Kd6 0-1

[Event "Women's Speed Chess Q4"]
[Site "chess.com INT"]
[Date "2021.06.03"]
[Round "6"]
[White "Mammadova, Gulnar"]
[Black "Papp, Petra"]
[Result "1/2-1/2"]
[WhiteTitle "IM"]
[BlackTitle "WGM"]
[WhiteElo "2382"]
[BlackElo "2336"]
[WhiteFideId "13403508"]
[BlackFideId "739049"]
[EventDate "2021.06.03"]

1. e4 c6 2. d4 d5 3. e5 c5 4. dxc5 e6 5. Nf3 Bxc5 6. Bd3 Ne7 7. O-O Nd7 8. c3
Ng6 9. Re1 Qc7 10. Qe2 a5 11. a4 Qb6 12. Na3 O-O 13. Nb5 f6 14. Bxg6 hxg6 15.
exf6 Nxf6 16. Be3 Bd7 17. Ne5 Bxb5 18. Qxb5 Bxe3 19. Rxe3 Qc7 20. f4 Ne4 21. Rf1
g5 22. Nd3 gxf4 23. Rh3 Rf5 24. Nf2 Nxf2 25. Rxf2 Raf8 26. Re2 f3 27. Rxf3 Rxf3
28. gxf3 Qf7 29. Qd3 b6 30. Qe3 Re8 31. Kf2 e5 32. Ke1 Qc7 33. f4 e4 34. Rg2 Rf8
35. Qd4 Rxf4 36. Qxd5+ Qf7 37. Qxf7+ Kxf7 38. Rg5 Rh4 39. Rb5 Rh6 40. h4 Ke7 41.
Ke2 Kd7 42. Ke3 Kc6 43. Rg5 Rxh4 44. Rg6+ Kc5 45. Rxg7 Rh2 46. Rg5+ Kc6 47. Rb5
Rh4 48. Kd4 Rg4 49. b3 Rh4 50. Re5 Rh1 51. Rxe4 Rd1+ 52. Kc4 Rh1 53. Re6+ Kc7
54. Rg6 Kb7 55. Rg5 Rh4+ 56. Kb5 Rh7 57. b4 axb4 58. cxb4 Rf7 59. Rd5 Rh7 60. a5
bxa5 61. Kxa5 Rg7 62. Kb5 Rg6 63. Rc5 Rh6 64. Ka5 Rg6 65. Rh5 Rf6 66. Rh7+ Kb8
67. b5 Rg6 68. Rf7 Rh6 69. Rd7 Re6 70. Rh7 Rd6 71. b6 Rd1 72. Ka6 Ra1+ 73. Kb5
Rb1+ 74. Ka6 Ra1+ 75. Kb5 Rb1+ 76. Ka6 Ra1+ 1/2-1/2

[Event "Women's Speed Chess Q4"]
[Site "chess.com INT"]
[Date "2021.06.03"]
[Round "6"]
[White "Gevorgyan, Maria"]
[Black "Cori T., Deysi"]
[Result "0-1"]
[WhiteTitle "WGM"]
[BlackTitle "WGM"]
[WhiteElo "2219"]
[BlackElo "2388"]
[WhiteFideId "13300270"]
[BlackFideId "3801934"]
[EventDate "2021.06.03"]

1. e4 c5 2. Nc3 e6 3. f4 Nc6 4. Bb5 Nd4 5. Bc4 a6 6. a4 Ne7 7. Nge2 d5 8. exd5
exd5 9. Ba2 Bg4 10. O-O Nef5 11. Re1 Be7 12. h3 Bxe2 13. Nxe2 O-O 14. d3 Bh4 15.
Rf1 Nxe2+ 16. Qxe2 Ng3 17. Qf3 Nxf1 18. Kxf1 c4 19. dxc4 dxc4 20. Bxc4 Qd4 21.
Bd3 Rfe8 22. Bd2 Qxb2 23. Rd1 Bf6 24. Kg1 Rad8 25. h4 Qb6+ 26. Kh2 Bxh4 27. Rh1
g6 28. Qh3 Qf2 29. Rf1 Qxd2 30. Qxh4 Rd4 31. Qf6 Qc3 32. Rf3 Qc5 33. Rh3 Qd6 34.
Qxd6 Rxd6 35. Rf3 Re7 36. f5 Rf6 37. g4 h6 38. Kg3 Kg7 39. Bc4 Rc6 40. Bb3 b5
41. fxg6 Rxg6 42. axb5 axb5 43. Rf5 Rg5 44. Rf4 f6 45. Kh4 Re2 46. Rd4 Re7 47.
Rd8 Rc7 48. Rg8+ Kh7 49. Rf8 Kg7 50. Rg8+ Kh7 51. Rf8 Rcg7 52. Be6 Rc7 53. Rxf6
b4 54. Rf8 Rc3 55. Rf7+ Kh8 56. Rf8+ Kg7 57. Rg8+ Kf6 58. Re8 Re5 59. Rf8+ Kxe6
60. Rh8 Kd5 61. Rxh6 Rxc2 62. Kg3 Rc3+ 63. Kf4 b3 64. Rh8 Rc4+ 65. Kf3 Rb4 66.
Rd8+ Kc4 67. Rc8+ Rc5 68. Rd8 b2 69. Rd1 b1=Q 70. Rxb1 Rxb1 71. g5 Rg1 0-1

[Event "Women's Speed Chess Q4"]
[Site "chess.com INT"]
[Date "2021.06.03"]
[Round "6"]
[White "Li, Xueyi"]
[Black "Doluhanova, Evgeniya"]
[Result "1/2-1/2"]
[WhiteTitle "WGM"]
[BlackTitle "WGM"]
[WhiteElo "2328"]
[BlackElo "2207"]
[WhiteFideId "8605912"]
[BlackFideId "14112035"]
[EventDate "2021.06.03"]

1. d4 Nf6 2. c4 e6 3. g3 d5 4. Bg2 Bb4+ 5. Bd2 Be7 6. Nf3 O-O 7. O-O c6 8. Qc2
a5 9. a4 Nbd7 10. b3 b6 11. Bc3 Ne4 12. Bb2 Ba6 13. Nbd2 f5 14. Nxe4 fxe4 15.
Ne5 Nxe5 16. dxe5 Bc5 17. e3 Qe7 18. Bd4 Rac8 19. Rfd1 Bxd4 20. Rxd4 Qc5 21. Qd2
Rf5 22. Rc1 Qe7 23. cxd5 cxd5 24. Rxc8+ Bxc8 25. Qc2 Qc5 26. Qxc5 bxc5 27. Rd1
Ba6 28. Rc1 c4 29. bxc4 Bxc4 30. Bxe4 Rxe5 31. Bf3 Rf5 32. Bg4 Rf6 33. Rb1 Kf7
34. Rb7+ Kg6 35. Ra7 h5 36. Bh3 e5 37. Bf1 Rc6 38. Rxa5 Bxf1 39. Kxf1 Rd6 40.
Rb5 Kf5 41. a5 Ke4 42. Ke2 d4 43. f3+ Kf5 44. exd4 Rxd4 45. f4 Re4+ 46. Kf3 Ra4
47. Rxe5+ Kg6 48. Rb5 Kh6 49. Rb6+ g6 50. a6 Ra3+ 51. Ke4 Ra2 52. Ke5 Rxh2 53.
a7 Ra2 54. Rb7 h4 55. gxh4 Kh5 56. Kd6 Kxh4 57. Kc7 Kg4 58. Kb8 Kxf4 59. a8=Q
Rxa8+ 60. Kxa8 g5 61. Rf7+ Ke4 62. Re7+ Kf3 63. Rf7+ Ke4 64. Kb7 g4 65. Kc6 g3
66. Rg7 Kf3 67. Kd5 g2 68. Kd4 Kf2 69. Rf7+ Ke2 70. Rg7 Kf2 71. Rxg2+ Kxg2 1/2-1/2

[Event "Women's Speed Chess Q4"]
[Site "chess.com INT"]
[Date "2021.06.03"]
[Round "7"]
[White "Nguyen, Thi Thanh An"]
[Black "Varney, Zoe"]
[Result "1-0"]
[WhiteTitle "WGM"]
[BlackTitle "WCM"]
[WhiteElo "2259"]
[BlackElo "1917"]
[WhiteFideId "12400300"]
[BlackFideId "436135"]
[EventDate "2021.06.03"]

1. d4 d5 2. Bf4 Nf6 3. e3 c5 4. c3 Nc6 5. Nf3 e6 6. Nbd2 Be7 7. Ne5 O-O 8. Bd3
Nxe5 9. dxe5 Ne8 10. Qf3 b6 11. Qh3 g6 12. O-O f6 13. Bh6 Ng7 14. f4 f5 15. Nf3
Bb7 16. Ng5 Qd7 17. Bxg7 Kxg7 18. Qxh7# 1-0

[Event "Women's Speed Chess Q4"]
[Site "chess.com INT"]
[Date "2021.06.03"]
[Round "7"]
[White "Agrest, Inna"]
[Black "Zhai, Mo"]
[Result "0-1"]
[WhiteTitle "WIM"]
[BlackTitle "WGM"]
[WhiteElo "2285"]
[BlackElo "2366"]
[WhiteFideId "1708830"]
[BlackFideId "8600201"]
[EventDate "2021.06.03"]

1. e4 c5 2. Nf3 Nc6 3. d4 cxd4 4. Nxd4 Nf6 5. Nc3 d6 6. Bg5 g6 7. Qd2 Bg7 8. Nb3
a5 9. a4 Be6 10. Bh6 Bxh6 11. Qxh6 Nb4 12. Qd2 Rc8 13. f3 Qb6 14. Bb5+ Nd7 15.
Nd4 Qxd4 16. Qxd4 Nxc2+ 17. Kf2 Nxd4 18. Rad1 Nxb5 19. Nxb5 Rc2+ 20. Ke3 O-O 21.
Rd2 Rfc8 22. Rhd1 Ne5 23. Kf2 Bb3 24. Nd4 Rxd2+ 25. Rxd2 Bxa4 26. b3 Bd7 27. Ra2
Rc5 28. f4 Nd3+ 29. Ke3 Nc1 30. Ra1 Nxb3 0-1

[Event "Women's Speed Chess Q4"]
[Site "chess.com INT"]
[Date "2021.06.03"]
[Round "7"]
[White "Antolak, Julia"]
[Black "Osmak, Iulija"]
[Result "0-1"]
[WhiteTitle "WIM"]
[BlackTitle "IM"]
[WhiteElo "2306"]
[BlackElo "2425"]
[WhiteFideId "1159569"]
[BlackFideId "14101602"]
[EventDate "2021.06.03"]

1. e4 Nc6 2. Nf3 d6 3. d4 Bg4 4. Be2 Nf6 5. Nc3 e5 6. Be3 Bxf3 7. Bxf3 exd4 8.
Bxd4 Nxd4 9. Qxd4 c6 10. O-O Be7 11. Rad1 Qb6 12. Qxb6 axb6 13. Rfe1 Nd7 14. Be2
b5 15. a3 Nc5 16. f4 O-O 17. Bf3 Rfd8 18. g3 Bf6 19. Re3 Kf8 20. Kg2 g6 21. Rde1
Bd4 22. R3e2 Bxc3 23. bxc3 Rxa3 24. Re3 Na4 25. e5 Rxc3 26. Rxc3 Nxc3 27. Re3
Na4 28. Rd3 Ke7 29. exd6+ Rxd6 30. Re3+ Re6 31. Rd3 Nc5 32. Ra3 Rd6 33. c3 Rd2+
34. Kh3 Rd3 35. Ra7 Rxf3 0-1

[Event "Women's Speed Chess Q4"]
[Site "chess.com INT"]
[Date "2021.06.03"]
[Round "7"]
[White "Arpita, Mukherjee"]
[Black "Head, Louise"]
[Result "0-1"]
[WhiteTitle "WIM"]
[BlackTitle "WFM"]
[WhiteElo "2206"]
[BlackElo "2090"]
[WhiteFideId "5056403"]
[BlackFideId "424773"]
[EventDate "2021.06.03"]

1. e4 c6 2. d4 d5 3. e5 c5 4. dxc5 e6 5. Nf3 Bxc5 6. a3 a5 7. Bd3 Ne7 8. O-O b6
9. Nbd2 Ba6 10. c4 Nd7 11. b4 dxc4 12. Be4 c3 13. Bxa8 cxd2 14. Bxd2 Bxf1 15.
bxc5 Nxc5 16. Qxf1 Qxa8 17. Rb1 Nd7 18. Bg5 Qe4 19. Qb5 Nd5 20. Rc1 f6 21. Rc8+
Ke7 22. Qxd7+ Kxd7 23. Rxh8 Qb1+ 0-1

[Event "Women's Speed Chess Q4"]
[Site "chess.com INT"]
[Date "2021.06.03"]
[Round "7"]
[White "Purtseladze, Maka"]
[Black "Kulkarni, Bhakti"]
[Result "1-0"]
[WhiteTitle "IM"]
[BlackTitle "IM"]
[WhiteElo "2274"]
[BlackElo "2391"]
[WhiteFideId "13602659"]
[BlackFideId "5019516"]
[EventDate "2021.06.03"]

1. b3 d6 2. Bb2 e5 3. e3 Nf6 4. d4 exd4 5. exd4 d5 6. Nf3 Bd6 7. Bd3 O-O 8. O-O
c6 9. Ne5 Re8 10. Nd2 Nbd7 11. Ndf3 Nf8 12. Re1 h6 13. c4 Be6 14. c5 Bc7 15. b4
Ng4 16. h3 Nxe5 17. Nxe5 a6 18. a4 Qf6 19. b5 axb5 20. axb5 Rxa1 21. Qxa1 Bf5
22. Bxf5 Qxf5 23. bxc6 Bxe5 24. cxb7 Bxd4 25. Rxe8 Qxf2+ 26. Kh1 Bxb2 27. Rxf8+
Kh7 28. Qb1+ g6 29. b8=Q Bd4 30. Qe8 1-0

[Event "Women's Speed Chess Q4"]
[Site "chess.com INT"]
[Date "2021.06.03"]
[Round "7"]
[White "Von Herman, Brigitte"]
[Black "Priyanka, K"]
[Result "0-1"]
[WhiteTitle "WFM"]
[BlackTitle "WIM"]
[WhiteElo "1991"]
[BlackElo "2218"]
[WhiteFideId "4628730"]
[BlackFideId "5082986"]
[EventDate "2021.06.03"]

1. e4 c5 2. c3 Nf6 3. e5 Nd5 4. d4 cxd4 5. Nf3 e6 6. cxd4 Nc6 7. Bc4 d6 8. Qe2
Be7 9. O-O O-O 10. Nc3 Nxc3 11. bxc3 dxe5 12. dxe5 Qc7 13. Bd2 Rd8 14. Rfe1 b6
15. Bd3 Bb7 16. Qe4 g6 17. Bc2 Na5 18. Qf4 Bxf3 19. gxf3 Nc4 20. Be3 Rac8 21.
Rac1 Nxe3 22. fxe3 Qc4 23. Be4 Ba3 24. Rc2 Bc5 25. h4 Rd3 26. h5 Rxc3 27. Rce2
Rc1 28. hxg6 hxg6 29. Qh6 Qxe2 0-1

[Event "Women's Speed Chess Q4"]
[Site "chess.com INT"]
[Date "2021.06.03"]
[Round "7"]
[White "Jakubowska, Anna"]
[Black "Morris-Suzuki, Sophie"]
[Result "0-1"]
[WhiteTitle "WIM"]
[BlackTitle "WFM"]
[WhiteElo "2073"]
[BlackElo "2043"]
[WhiteFideId "1121952"]
[BlackFideId "30922615"]
[EventDate "2021.06.03"]

1. e4 c5 2. Nc3 e6 3. g3 a6 4. Bg2 b5 5. e5 Nc6 6. f4 Bb7 7. Ne4 f5 8. Ng5 c4 9.
d4 cxd3 10. cxd3 Bc5 11. Ne2 Qb6 12. Rf1 Nge7 13. d4 Bb4+ 14. Bd2 h6 15. Bxb4
Nxb4 16. Bxb7 Qxb7 17. Nf3 Rc8 18. Kf2 O-O 19. Qd2 Ned5 20. Rfc1 Qb6 21. a3 Nc6
22. Rc5 Na5 23. Rxc8 Rxc8 24. Qd1 Nc4 25. b3 Nce3 26. Rc1 Nxd1+ 0-1

[Event "Women's Speed Chess Q4"]
[Site "chess.com INT"]
[Date "2021.06.03"]
[Round "7"]
[White "Vargas, Gabriela"]
[Black "Mkrtchian, Lilit"]
[Result "0-1"]
[WhiteTitle "WIM"]
[BlackTitle "IM"]
[WhiteElo "2170"]
[BlackElo "2388"]
[WhiteFideId "3700860"]
[BlackFideId "13300601"]
[EventDate "2021.06.03"]

1. d4 Nf6 2. Nf3 d5 3. Bg5 Ne4 4. Bf4 c5 5. c3 Qb6 6. Qb3 Qxb3 7. axb3 cxd4 8.
Nxd4 Nc6 9. Nb5 e5 10. Nc7+ Kd8 11. Bxe5 Rb8 12. Ne6+ Bxe6 13. Bxb8 Nxb8 14.
Rxa7 Kc7 15. Nd2 Nxf2 16. Rg1 Bc5 17. Ra8 Nd3+ 18. exd3 Bxg1 19. Nf3 Bb6 20. d4
Rd8 21. Bb5 Nc6 22. Ra1 h6 23. h3 Re8 24. Kd2 Bf5 25. b4 f6 26. c4 dxc4 27. d5
Rd8 28. Bxc4 Nxb4 0-1

[Event "Women's Speed Chess Q4"]
[Site "chess.com INT"]
[Date "2021.06.03"]
[Round "7"]
[White "Kazarian, Anna-Maja"]
[Black "Corrales Jimenez, Zenia"]
[Result "0-1"]
[WhiteTitle "FM"]
[BlackTitle "WIM"]
[WhiteElo "2096"]
[BlackElo "2221"]
[WhiteFideId "1033689"]
[BlackFideId "3506355"]
[EventDate "2021.06.03"]

1. e4 c5 2. Nf3 d6 3. d4 cxd4 4. Nxd4 Nf6 5. Nc3 g6 6. Be3 Bg7 7. f3 Nc6 8. Qd2
O-O 9. Bc4 Bd7 10. O-O-O Nxd4 11. Bxd4 b5 12. Bb3 a5 13. a3 b4 14. Nb1 a4 15.
Bc4 bxa3 16. Nxa3 Rb8 17. e5 dxe5 18. Bxe5 Rc8 19. Bxf6 Bxf6 20. Qxd7 Qb6 21.
Qb5 Qe3+ 22. Rd2 Rb8 23. Qxa4 Bxb2+ 24. Kd1 Bxa3 25. Bb3 Rfd8 26. Rd7 Rxd7+ 27.
Qxd7 Qc1+ 28. Ke2 Qxh1 29. Kf2 Bc5+ 30. Kg3 Qe1+ 31. Kh3 Qe5 32. g4 Bd6 0-1

[Event "Women's Speed Chess Q4"]
[Site "chess.com INT"]
[Date "2021.06.03"]
[Round "7"]
[White "Bodnaruk, Anastasia"]
[Black "Cori T., Deysi"]
[Result "1-0"]
[WhiteTitle "IM"]
[BlackTitle "WGM"]
[WhiteElo "2457"]
[BlackElo "2388"]
[WhiteFideId "4181751"]
[BlackFideId "3801934"]
[EventDate "2021.06.03"]

1. e4 c5 2. Nc3 e6 3. Nf3 Nc6 4. d4 cxd4 5. Nxd4 Qc7 6. Be2 Nf6 7. Be3 a6 8. O-O
Be7 9. f4 d6 10. Qe1 h5 11. Kh1 h4 12. Rd1 Bd7 13. Nb3 b5 14. Bf3 Rc8 15. Qf2
Qb7 16. e5 Nh5 17. exd6 Ng3+ 18. Kg1 Nxf1 19. Kxf1 Bf6 20. Ne4 b4 21. Nbc5 Qb5+
22. Be2 Qa5 23. Nxd7 h3 24. Ndxf6+ gxf6 25. d7+ Ke7 26. Bc5+ Kd8 27. Bb6+ 1-0

[Event "Women's Speed Chess Q4"]
[Site "chess.com INT"]
[Date "2021.06.03"]
[Round "7"]
[White "Farhat Willemstein, Stela Souza"]
[Black "Szente Varga, Fruzsina"]
[Result "0-1"]
[WhiteTitle "WFM"]
[BlackTitle "WFM"]
[WhiteElo "1758"]
[BlackElo "2100"]
[WhiteFideId "2109808"]
[BlackFideId "712264"]
[EventDate "2021.06.03"]

1. e4 Nf6 2. e5 Nd5 3. c4 Nb6 4. d4 d6 5. Nf3 g6 6. exd6 cxd6 7. Nc3 Bg7 8. Be3
O-O 9. Bd3 Nc6 10. h3 e5 11. dxe5 dxe5 12. Be4 Nxc4 13. Qe2 Nxe3 14. Qxe3 Nd4
15. O-O-O Qb6 16. Nd5 Qa5 17. Ne7+ Kh8 18. a3 Be6 19. Kb1 Rfe8 20. Bxb7 Rab8 21.
Nc6 Nxc6 22. Bxc6 Rec8 23. Qc3 Qxc3 0-1

[Event "Women's Speed Chess Q4"]
[Site "chess.com INT"]
[Date "2021.06.03"]
[Round "7"]
[White "Fominykh, Maria"]
[Black "Narva, Mai"]
[Result "1-0"]
[WhiteTitle "WGM"]
[BlackTitle "WIM"]
[WhiteElo "2206"]
[BlackElo "2276"]
[WhiteFideId "4142411"]
[BlackFideId "4500512"]
[EventDate "2021.06.03"]

1. d4 Nf6 2. c4 e6 3. g3 c5 4. d5 exd5 5. cxd5 d6 6. Nc3 Be7 7. Bg2 O-O 8. e4 a6
9. a4 Bg4 10. f3 Bh5 11. Nge2 Nbd7 12. g4 Bg6 13. h4 h5 14. g5 Ne8 15. Nf4 Nc7
16. Nxg6 fxg6 17. a5 Ne5 18. O-O Nb5 19. Ne2 Qd7 20. Be3 Nc4 21. Bc1 Bd8 22. Nf4
Kh7 23. Qc2 Ne5 24. Ne6 Rf7 25. Be3 b6 26. Bh3 Qe7 27. f4 Ng4 28. Bxg4 hxg4 29.
axb6 Bxb6 30. Qg2 Nd4 31. Qxg4 Nc2 32. Bf2 Nxa1 33. Rxa1 Raf8 34. h5 gxh5 35.
Qxh5+ Kg8 36. g6 1-0